Ends in 'SK' Quiz Stats

 Plays Quiz Updated Feb 19, 2019

Support Sporcle.
Go Orange.
Score 0/20 Timer 04:00
0 Plays Today
Hint Answer % Correct
Do several things at oncemultitask
92.5%
Soak in the sun's raysbask
92.5%
Tool used to beat eggswhisk
91.8%
World domination board game Risk
90.5%
Something to take a swig from (and then return to your pocket)hip flask
90%
Day's enddusk
89.6%
Oval Office furniture pieceResolute desk
89.1%
Check someone for weaponsfrisk
87%
*asterisk
86.5%
Predecessor of the USB flash drivefloppy disk
85.4%
Hint Answer % Correct
Sound that often accompanies a scoldingtsk-tsk
79.9%
Jim Carrey film that was sssssmokin'!The Mask
75.5%
Clam, snail, squid or octopusmollusk
73.6%
Newsstand or boothkiosk
69.2%
Mastodon featuretusk
68.7%
Shape of the Washington Monument obelisk
64.9%
Capital of BelarusMinsk
57.1%
This serpentine creature of myth proves that looks can killbasilisk
47.1%
Reversible fabric with woven patternsdamask
17.7%
Malodorous Norwegian dishlutefisk
16.2%

From the Vault

Science Pairs

by BanjoZebra

Science 5m
You could call them deductive duos or chemical couples.
Remove Ads.
Support Sporcle.
Get the best of Sporcle when you Go Orange. This ad-free experience offers more features, more stats, and more fun while also helping to support Sporcle. Thank you for becoming a member.

Show Comments

Extras

Top Quizzes Today


Score Distribution

Your Account Isn't Verified!

In order to create a playlist on Sporcle, you need to verify the email address you used during registration. Go to your Sporcle Settings to finish the process.

Report this User

Report this user for behavior that violates our Community Guidelines.

Details: